书目信息 |
| 题名: |
中国语言资源集
|
|
| 作者: | 辛永芬 王新宇 段亚广 主编 | |
| 分册: | ||
| 出版信息: | 北京 中国社会科学出版社 2023.07 |
|
| 页数: | 433页 | |
| 开本: | 22cm | |
| 丛书名: | ||
| 单 册: | ||
| 中图分类: | H17 | |
| 科图分类: | ||
| 主题词: | 汉语方言 | |
| 电子资源: | ||
| ISBN: | 7-5227-2226-8 | |
| 000 | 00715nam0 2200217 450 | |
| 001 | 2551762925 | |
| 005 | 20251217142629.84 | |
| 010 | @a7-5227-2226-8@dCNY178.00 | |
| 100 | @a20251217d2023 km y0chiy0120 ea | |
| 101 | 0 | @achi |
| 102 | @aCN@b110000 | |
| 102 | @aCN@b110000 | |
| 200 | 1 | @a中国语言资源集@e河南 词汇卷@f辛永芬 王新宇 段亚广主编@FXin Yong Fen Wang Xin Yu Duan Ya Guang Zhu Bian |
| 210 | @a北京@c中国社会科学出版社@d2023.07 | |
| 215 | @a433页@d22cm | |
| 517 | 1 | @a河南 词汇卷@AHe Nan Ci Hui Juan |
| 606 | 0 | @a汉语方言 |
| 690 | @aH17@v4 | |
| 701 | 0 | @a辛永芬 王新宇 段亚广@AXin Yong Fen Wang Xin Yu Duan Ya Guang@4主编 |
| 801 | 0 | @aCN@b大连网信软件有限公司图书馆·11@c20251217 |
| 905 | @aZUCC@dH17@e145 | |
| 中国语言资源集:河南 词汇卷/辛永芬 王新宇 段亚广主编.-北京:中国社会科学出版社,2023.07 |
| 433页;22cm |
| ISBN 7-5227-2226-8:CNY178.00 |
| ● |
| 相关链接 |
|
|
|
|
正题名:中国语言资源集
索取号:H17/145
 
预约/预借
| 序号 | 登录号 | 条形码 | 馆藏地/架位号 | 状态 | 备注 |
| 1 | 1442039 | 214420394 | 第二样本阅览室/ [索取号:H17/145] |
已借出,限还日期为2035.12.17 借出人:刘巍 |